LEADER 01099nam0-2200349li-450 001 990000168120203316 005 20180312154722.0 010 $a0-471-31016-8 035 $a0016812 035 $aUSA010016812 035 $a(ALEPH)000016812USA01 035 $a0016812 100 $a20001109d1994----km-y0itay0103----ba 101 0 $aeng 102 $aUS 200 1 $aPractical digital video with programming examples in C$fPhillip E. Mattison 210 $aNew York [etc.]$cJohn Wiley & Sons$dcopyr. 1994 610 1 $alinguaggio c 610 1 $avidei interattivi 676 $a005.362$9In specifici linguaggi di programmazione 700 1$aMattison,$bPhillip E.$0556963 801 $aSistema bibliotecario di Ateneo dell' Università di Salerno$gRICA 912 $a990000168120203316 951 $a005.362 MAT$b0007877 959 $aBK 969 $aTEC 979 $c19970305 979 $c20001110$lUSA01$h1712 979 $c20020403$lUSA01$h1624 979 $aPATRY$b90$c20040406$lUSA01$h1612 996 $aPractical digital video with programming examples in C$9987232 997 $aUNISA